000 00590nam a22002297a 4500
003 UA-OsUOA
001 93305
007 ta
008 20130117b un ||||| |||| 00| 0 ukr d
100 _aГафури М.
090 _a821.512.141
_bГ24
942 _cBK
040 _aUA-OsUOA
_brus
_cUA-OsUOA
_dUA-OsUOA
245 _aПовести
300 _a350 с.
955 _a3
041 _arus
080 _a821.512.141
260 _aМ.
_bСоветский писатель
_c1981
650 7 _a82 Література. Літературознавство
_2UDC
999 _c379549
_d379549